000 00203 a2200109 4500
020 _a9781558854529
041 _aeng
100 _aNina Jaffe
245 _aThe golden flower
942 _cBK
952 _71
999 _c18757
_d18757